[Event "1st 4NCL Easter Congress"]
[Site "Stevenage"]
[Date "2019.04.20"]
[Round "3"]
[Board "7"]
[White "Somton, Anita"]
[Black "Cox, David A"]
[Result "1-0"]
[WhiteElo "1780"]
[BlackElo "1967"]
[PlyCount "0"]
[EventDate "2019.04.19"]
[EventRounds "7"]
[EventCountry "ENG"]

1. d4 {[%clk 01:30:53]} {[%emt 00:00:06]} g6 {[%clk 01:30:56]} {[%emt
00:00:04]} 2. Nf3 {[%clk 01:31:11]} {[%emt 00:00:13]} Bg7 {[%clk 01:31:20]}
{[%emt 00:00:06]} 3. c4 {[%clk 01:31:21]} {[%emt 00:00:20]} d6 {[%clk
01:31:28]} {[%emt 00:00:22]} 4. Nc3 {[%clk 01:31:16]} {[%emt 00:00:35]} Nd7
{[%clk 01:31:50]} {[%emt 00:00:09]} 5. e4 {[%clk 01:31:25]} {[%emt 00:00:21]}
e5 {[%clk 01:32:08]} {[%emt 00:00:12]} 6. d5 {[%clk 01:31:39]} {[%emt
00:00:15]} a5 {[%clk 01:32:33]} {[%emt 00:00:05]} 7. Be2 {[%clk 01:31:46]}
{[%emt 00:00:22]} Ne7 {[%clk 01:32:43]} {[%emt 00:00:20]} 8. O-O {[%clk
01:30:56]} {[%emt 00:01:20]} O-O {[%clk 01:33:01]} {[%emt 00:00:12]} 9. Be3
{[%clk 01:26:54]} {[%emt 00:04:32]} b6 {[%clk 01:32:31]} {[%emt 00:01:01]} 10.
a3 {[%clk 01:25:38]} {[%emt 00:01:45]} h6 {[%clk 01:27:14]} {[%emt 00:05:47]}
11. Nd2 {[%clk 01:20:41]} {[%emt 00:05:28]} f5 {[%clk 01:21:55]} {[%emt
00:05:48]} 12. exf5 {[%clk 01:19:52]} {[%emt 00:01:19]} Nxf5 {[%clk 01:21:54]}
{[%emt 00:00:31]} 13. Nde4 {[%clk 01:18:53]} {[%emt 00:01:30]} Nxe3 {[%clk
01:20:45]} {[%emt 00:01:38]} 14. fxe3 {[%clk 01:19:07]} {[%emt 00:00:17]} Nc5
{[%clk 01:16:03]} {[%emt 00:05:13]} 15. Rxf8+ {[%clk 01:16:09]} {[%emt
00:03:28]} Qxf8 {[%clk 01:14:45]} {[%emt 00:01:47]} 16. Nxc5 {[%clk 01:15:59]}
{[%emt 00:00:40]} bxc5 {[%clk 01:14:39]} {[%emt 00:00:36]} 17. Bd3 {[%clk
01:15:16]} {[%emt 00:01:13]} Bf5 {[%clk 01:13:54]} {[%emt 00:01:15]} 18. Qc2
{[%clk 01:14:41]} {[%emt 00:01:05]} Bxd3 {[%clk 00:58:06]} {[%emt 00:16:18]} 19.
Qxd3 {[%clk 01:14:55]} {[%emt 00:00:16]} Kh7 {[%clk 00:56:02]} {[%emt
00:02:35]} 20. Rf1 {[%clk 01:12:26]} {[%emt 00:02:59]} Qe7 {[%clk 00:55:50]}
{[%emt 00:00:42]} 21. e4 {[%clk 01:11:41]} {[%emt 00:01:14]} Rf8 {[%clk
00:55:41]} {[%emt 00:00:40]} 22. Nb5 {[%clk 01:08:43]} {[%emt 00:03:28]} h5
{[%clk 00:54:43]} {[%emt 00:01:27]} 23. Rxf8 {[%clk 01:08:18]} {[%emt
00:00:56]} Bxf8 {[%clk 00:55:04]} {[%emt 00:00:08]} 24. Qd2 {[%clk 01:07:27]}
{[%emt 00:01:22]} a4 {[%clk 00:43:48]} {[%emt 00:11:46]} 25. Nc3 {[%clk
01:06:07]} {[%emt 00:01:50]} Bh6 {[%clk 00:43:58]} {[%emt 00:00:19]} 26. Qe2
{[%clk 01:03:13]} {[%emt 00:03:25]} Qg5 {[%clk 00:43:06]} {[%emt 00:01:21]} 27.
Qe1 {[%clk 01:01:17]} {[%emt 00:02:27]} h4 {[%clk 00:40:16]} {[%emt 00:03:20]}
28. h3 {[%clk 00:58:50]} {[%emt 00:02:57]} Qf6 {[%clk 00:32:16]} {[%emt
00:08:29]} 29. Nxa4 {[%clk 00:57:23]} {[%emt 00:01:57]} Bf4 {[%clk 00:32:09]}
{[%emt 00:00:38]} 30. Nc3 {[%clk 00:51:33]} {[%emt 00:06:20]} Bg3 {[%clk
00:32:22]} {[%emt 00:00:16]} 31. Qe3 {[%clk 00:51:31]} {[%emt 00:00:33]} Bf4
{[%clk 00:32:11]} {[%emt 00:00:41]} 32. Qf3 {[%clk 00:50:52]} {[%emt 00:01:09]}
Qg5 {[%clk 00:32:10]} {[%emt 00:00:30]} 33. Nd1 {[%clk 00:47:16]} {[%emt
00:04:07]} Bg3 {[%clk 00:31:10]} {[%emt 00:01:30]} 34. Ne3 {[%clk 00:45:37]}
{[%emt 00:02:09]} Bf4 {[%clk 00:31:10]} {[%emt 00:00:29]} 35. Ng4 {[%clk
00:45:18]} {[%emt 00:00:50]} Kg7 {[%clk 00:29:08]} {[%emt 00:02:32]} 36. a4
{[%clk 00:44:31]} {[%emt 00:01:17]} Bd2 {[%clk 00:27:35]} {[%emt 00:02:02]} 37.
Kf2 {[%clk 00:36:05]} {[%emt 00:08:56]} Bb4 {[%clk 00:27:26]} {[%emt 00:00:40]}
38. Qe3 {[%clk 00:33:51]} {[%emt 00:02:44]} Qh5 {[%clk 00:26:02]} {[%emt
00:01:53]} 39. Ke2 {[%clk 00:33:10]} {[%emt 00:01:13]} Ba5 {[%clk 00:25:34]}
{[%emt 00:00:58]} 40. Qf3 {[%clk 00:31:53]} {[%emt 00:01:48]} Qg5 {[%clk
00:25:51]} {[%emt 00:00:13]} 41. Ne3 {[%clk 00:31:42]} {[%emt 00:00:41]} Bb4
{[%clk 00:25:57]} {[%emt 00:00:24]} 42. Qg4 {[%clk 00:31:49]} {[%emt 00:00:23]}
Qd8 {[%clk 00:20:37]} {[%emt 00:05:47]} 43. Nf5+ {[%clk 00:29:13]} {[%emt
00:03:08]} Kf7 {[%clk 00:20:25]} {[%emt 00:00:43]} 44. Nxh4 {[%clk 00:29:25]}
{[%emt 00:00:18]} g5 {[%clk 00:19:21]} {[%emt 00:01:33]} 45. Qf5+ {[%clk
00:27:04]} {[%emt 00:02:51]} Kg7 {[%clk 00:19:22]} {[%emt 00:00:29]} 46. Qg6+
{[%clk 00:26:36]} {[%emt 00:00:59]} Kh8 {[%clk 00:18:35]} {[%emt 00:01:16]} 47.
Nf5 {[%clk 00:26:40]} {[%emt 00:00:27]} Qf8 {[%clk 00:18:38]} {[%emt 00:00:27]}
48. Qxg5 {[%clk 00:26:10]} {[%emt 00:00:59]}  1-0

[Event "1st 4NCL Easter Congress"]
[Site "Stevenage"]
[Date "2019.04.20"]
[Round "3"]
[Board "8"]
[White "Burrows, Nick"]
[Black "Neatherway, A Philip"]
[Result "1/2-1/2"]
[WhiteElo "1932"]
[BlackElo "1793"]
[PlyCount "0"]
[EventDate "2019.04.19"]
[EventRounds "7"]
[EventCountry "ENG"]

1. b3 {[%clk 01:30:57]} {[%emt 00:00:02]} e5 {[%clk 01:29:22]} {[%emt
00:01:39]} 2. Bb2 {[%clk 01:31:21]} {[%emt 00:00:06]} Nc6 {[%clk 01:29:47]}
{[%emt 00:00:05]} 3. c4 {[%clk 01:31:45]} {[%emt 00:00:05]} Nf6 {[%clk
01:30:08]} {[%emt 00:00:09]} 4. e3 {[%clk 01:32:03]} {[%emt 00:00:12]} d5
{[%clk 01:29:39]} {[%emt 00:00:59]} 5. cxd5 {[%clk 01:32:24]} {[%emt 00:00:10]}
Nxd5 {[%clk 01:30:01]} {[%emt 00:00:08]} 6. a3 {[%clk 01:32:45]} {[%emt
00:00:08]} Be6 {[%clk 01:28:04]} {[%emt 00:02:26]} 7. Qc2 {[%clk 01:32:48]}
{[%emt 00:00:27]} Qd7 {[%clk 01:26:56]} {[%emt 00:01:38]} 8. Nf3 {[%clk
01:32:53]} {[%emt 00:00:26]} f6 {[%clk 01:27:18]} {[%emt 00:00:09]} 9. Be2
{[%clk 01:32:22]} {[%emt 00:01:00]} Be7 {[%clk 01:27:09]} {[%emt 00:00:40]} 10.
O-O {[%clk 01:32:14]} {[%emt 00:00:37]} O-O {[%clk 01:27:33]} {[%emt 00:00:06]}
11. d3 {[%clk 01:26:44]} {[%emt 00:06:00]} Rfd8 {[%clk 01:26:25]} {[%emt
00:01:39]} 12. Nbd2 {[%clk 01:26:43]} {[%emt 00:00:31]} a5 {[%clk 01:21:11]}
{[%emt 00:05:44]} 13. Rac1 {[%clk 01:15:55]} {[%emt 00:11:17]} Nb6 {[%clk
01:15:45]} {[%emt 00:05:56]} 14. Ne4 {[%clk 01:11:49]} {[%emt 00:04:36]} Rac8
{[%clk 01:11:19]} {[%emt 00:04:56]} 15. Rfd1 {[%clk 01:03:23]} {[%emt
00:08:56]} Bf8 {[%clk 01:04:53]} {[%emt 00:06:55]} 16. Nfd2 {[%clk 00:51:47]}
{[%emt 00:12:06]} Qf7 {[%clk 01:04:21]} {[%emt 00:01:02]} 17. Nc4 {[%clk
00:51:17]} {[%emt 00:01:00]} Be7 {[%clk 01:03:21]} {[%emt 00:01:29]} 18. Nc3
{[%clk 00:44:17]} {[%emt 00:07:30]} Nd5 {[%clk 00:47:37]} {[%emt 00:16:15]} 19.
Bf3 {[%clk 00:42:17]} {[%emt 00:02:29]} Nxc3 {[%clk 00:41:13]} {[%emt
00:06:55]} 20. Qxc3 {[%clk 00:42:45]} {[%emt 00:00:02]} Bd5 {[%clk 00:40:51]}
{[%emt 00:00:51]} 21. Bxd5 {[%clk 00:41:20]} {[%emt 00:01:55]} Qxd5 {[%clk
00:39:45]} {[%emt 00:01:36]} 22. Qd2 {[%clk 00:27:45]} {[%emt 00:14:05]} b5
{[%clk 00:32:13]} {[%emt 00:08:02]} 23. e4 {[%clk 00:24:10]} {[%emt 00:04:05]}
Qe6 {[%clk 00:28:28]} {[%emt 00:04:15]} 24. Ne3 {[%clk 00:24:22]} {[%emt
00:00:19]} Nd4 {[%clk 00:26:32]} {[%emt 00:02:26]} 25. Bxd4 {[%clk 00:24:42]}
{[%emt 00:00:10]} exd4 {[%clk 00:25:59]} {[%emt 00:01:02]} 26. Nc2 {[%clk
00:20:17]} {[%emt 00:04:56]} Qxb3 {[%clk 00:23:45]} {[%emt 00:02:44]} 27. Qxa5
{[%clk 00:18:43]} {[%emt 00:02:04]} c5 {[%clk 00:16:26]} {[%emt 00:07:49]} 28.
Na1 {[%clk 00:16:39]} {[%emt 00:02:34]} Qa4 {[%clk 00:15:08]} {[%emt 00:01:48]}
29. Qxa4 {[%clk 00:16:01]} {[%emt 00:01:07]} bxa4 {[%emt 00:05:21]}  1/2-1/2

[Event "1st 4NCL Easter Congress"]
[Site "Stevenage"]
[Date "2019.04.20"]
[Round "3"]
[Board "9"]
[White "Karumazondo, Ragarirai Ernest"]
[Black "Procter, Colin S"]
[Result "1-0"]
[WhiteElo "1896"]
[BlackElo "1776"]
[PlyCount "0"]
[EventDate "2019.04.19"]
[EventRounds "7"]
[EventCountry "ENG"]

1. e4 {[%clk 01:21:45]} {[%emt 00:09:14]} d5 {[%clk 01:30:42]} {[%emt
00:00:17]} 2. Nf3 {[%clk 01:21:25]} {[%emt 00:00:51]} dxe4 {[%clk 01:30:13]}
{[%emt 00:00:57]} 3. Ng5 {[%clk 01:21:52]} {[%emt 00:00:05]} Nf6 {[%clk
01:30:13]} {[%emt 00:00:28]} 4. Nc3 {[%clk 01:21:41]} {[%emt 00:00:43]} Bf5
{[%clk 01:19:10]} {[%emt 00:11:33]} 5. Qe2 {[%clk 01:21:29]} {[%emt 00:00:42]}
c6 {[%clk 01:17:21]} {[%emt 00:02:19]} 6. Ngxe4 {[%clk 01:21:08]} {[%emt
00:00:52]} Nxe4 {[%clk 01:17:30]} {[%emt 00:00:19]} 7. Nxe4 {[%clk 01:21:26]}
{[%emt 00:00:13]} e6 {[%clk 01:16:40]} {[%emt 00:01:19]} 8. d3 {[%clk
01:21:49]} {[%emt 00:00:08]} Be7 {[%clk 01:16:27]} {[%emt 00:00:41]} 9. g3
{[%clk 01:20:49]} {[%emt 00:01:32]} Nd7 {[%clk 01:16:18]} {[%emt 00:00:39]} 10.
Bg2 {[%clk 01:21:11]} {[%emt 00:00:08]} Nf6 {[%clk 01:16:22]} {[%emt 00:00:23]}
11. O-O {[%clk 01:21:18]} {[%emt 00:00:26]} O-O {[%clk 01:16:13]} {[%emt
00:00:39]} 12. b3 {[%clk 01:18:43]} {[%emt 00:03:05]} Nxe4 {[%clk 01:13:22]}
{[%emt 00:03:21]} 13. dxe4 {[%clk 01:18:45]} {[%emt 00:00:29]} Bf6 {[%clk
01:12:38]} {[%emt 00:01:12]} 14. Rb1 {[%clk 01:15:40]} {[%emt 00:03:35]} Bg6
{[%clk 01:12:57]} {[%emt 00:00:09]} 15. f4 {[%clk 01:14:50]} {[%emt 00:01:22]}
Bd4+ {[%clk 01:10:38]} {[%emt 00:02:48]} 16. Kh1 {[%clk 01:15:10]} {[%emt
00:00:12]} Qa5 {[%clk 01:09:01]} {[%emt 00:01:59]} 17. a4 {[%clk 01:08:51]}
{[%emt 00:06:56]} Rfe8 {[%clk 00:59:59]} {[%emt 00:09:32]} 18. g4 {[%clk
01:02:02]} {[%emt 00:07:19]} f6 {[%clk 00:59:07]} {[%emt 00:01:23]} 19. Bd2
{[%clk 01:00:05]} {[%emt 00:02:26]} Qc7 {[%clk 00:56:17]} {[%emt 00:03:19]} 20.
c3 {[%clk 00:59:10]} {[%emt 00:01:26]} Bc5 {[%clk 00:56:04]} {[%emt 00:00:43]}
21. b4 {[%clk 00:56:02]} {[%emt 00:03:38]} Bf8 {[%emt 00:00:34]} 22. h4 {[%emt
00:02:56]} f5 {[%clk 00:49:37]} {[%emt 00:03:26]} 23. h5 {[%clk 00:55:09]}
{[%emt 00:01:24]} Bf7 {[%clk 00:48:54]} {[%emt 00:01:12]} 24. e5 {[%clk
00:54:33]} {[%emt 00:01:07]} Rad8 {[%clk 00:45:54]} {[%emt 00:03:29]} 25. Be3
{[%clk 00:54:22]} {[%emt 00:00:41]} b6 {[%clk 00:45:30]} {[%emt 00:00:54]} 26.
g5 {[%clk 00:52:55]} {[%emt 00:01:58]} g6 {[%clk 00:44:45]} {[%emt 00:01:14]}
27. hxg6 {[%clk 00:46:53]} {[%emt 00:06:32]} Bxg6 {[%clk 00:44:29]} {[%emt
00:00:44]} 28. Qc4 {[%clk 00:45:26]} {[%emt 00:01:58]} c5 {[%clk 00:44:25]}
{[%emt 00:00:32]} 29. b5 {[%clk 00:45:33]} {[%emt 00:00:26]} Re7 {[%clk
00:44:13]} {[%emt 00:00:39]} 30. Bf3 {[%clk 00:42:51]} {[%emt 00:03:14]} Kf7
{[%clk 00:39:06]} {[%emt 00:05:36]} 31. Bc6 {[%clk 00:42:02]} {[%emt 00:01:20]}
Kg7 {[%clk 00:39:01]} {[%emt 00:00:33]} 32. a5 {[%clk 00:40:23]} {[%emt
00:02:11]} Be8 {[%emt 00:01:33]} 33. axb6 {[%clk 00:40:04]} axb6 {[%clk
00:39:11]} {[%emt 00:00:04]} 34. Bf3 {[%clk 00:40:19]} {[%emt 00:00:15]} Bd7
{[%clk 00:39:02]} {[%emt 00:00:39]} 35. Kh2 {[%clk 00:28:43]} {[%emt 00:12:07]}
Bc8 {[%clk 00:38:54]} {[%emt 00:00:37]} 36. Kg3 {[%clk 00:23:01]} {[%emt
00:06:12]} Bb7 {[%clk 00:39:12]} {[%emt 00:00:13]} 37. Qe2 {[%clk 00:21:57]}
{[%emt 00:01:34]} Bxf3 {[%clk 00:38:39]} {[%emt 00:01:02]} 38. Rxf3 {[%clk
00:22:25]} {[%emt 00:00:03]} Kg8 {[%clk 00:36:16]} {[%emt 00:02:52]} 39. Rh1
{[%clk 00:22:09]} {[%emt 00:00:47]} Rg7 {[%clk 00:33:15]} {[%emt 00:03:27]} 40.
Qc4 {[%clk 00:19:47]} {[%emt 00:02:56]} Qd7 {[%clk 00:33:11]} {[%emt 00:00:34]}
41. Rh6 {[%clk 00:18:46]} {[%emt 00:01:31]} Rg6 {[%clk 00:32:25]} {[%emt
00:01:16]} 42. Rxg6+ {[%clk 00:19:03]} {[%emt 00:00:13]} hxg6 {[%clk 00:32:23]}
{[%emt 00:00:30]} 43. Qf1 {[%clk 00:18:07]} {[%emt 00:01:27]} Bg7 {[%clk
00:30:26]} {[%emt 00:02:26]} 44. c4 {[%clk 00:15:57]} {[%emt 00:02:43]} Qd1
{[%clk 00:29:45]} {[%emt 00:01:07]} 45. Qxd1 {[%clk 00:15:22]} {[%emt
00:01:08]} Rxd1 {[%clk 00:29:53]} {[%emt 00:00:18]} 46. Rf2 {[%clk 00:15:43]}
{[%emt 00:00:14]} Rd3 {[%clk 00:29:25]} {[%emt 00:00:55]} 47. Kf3 {[%clk
00:15:56]} {[%emt 00:00:19]} Rc3 {[%clk 00:29:45]} {[%emt 00:00:08]} 48. Ra2
{[%clk 00:15:44]} {[%emt 00:00:44]} Rxc4 {[%clk 00:29:36]} {[%emt 00:00:38]} 49.
Ra6 {[%clk 00:15:57]} {[%emt 00:00:19]} Rb4 {[%clk 00:29:10]} {[%emt 00:00:54]}
50. Rxb6 {[%clk 00:16:06]} {[%emt 00:00:23]} c4 {[%clk 00:29:17]} {[%emt
00:00:22]} 51. Rb8+ {[%clk 00:16:22]} {[%emt 00:00:14]} Kh7 {[%clk 00:29:37]}
{[%emt 00:00:08]} 52. b6 {[%clk 00:16:25]} {[%emt 00:00:29]} c3 {[%clk
00:29:41]} {[%emt 00:00:25]} 53. Ke2 {[%clk 00:16:33]} {[%emt 00:00:21]} c2
{[%clk 00:29:55]} {[%emt 00:00:15]} 54. Kd2 {[%clk 00:16:50]} {[%emt 00:00:16]}
Rb3 {[%clk 00:29:01]} {[%emt 00:01:22]} 55. Rc8 {[%clk 00:16:39]} {[%emt
00:00:43]} Bf8 {[%clk 00:21:24]} {[%emt 00:08:06]} 56. Rxf8 {[%clk 00:15:18]}
{[%emt 00:01:52]} Rxe3 {[%clk 00:20:32]} {[%emt 00:01:22]} 57. b7 {[%clk
00:15:30]} {[%emt 00:00:18]} Rc3 {[%clk 00:20:31]} {[%emt 00:00:28]} 58. Kc1
{[%clk 00:15:48]} {[%emt 00:00:14]}  1-0

[Event "1st 4NCL Easter Congress"]
[Site "Stevenage"]
[Date "2019.04.20"]
[Round "3"]
[Board "10"]
[White "Gibson, Christopher A"]
[Black "Volovich, Julia"]
[Result "1-0"]
[WhiteElo "1887"]
[BlackElo "1753"]
[PlyCount "0"]
[EventDate "2019.04.19"]
[EventRounds "7"]
[EventCountry "ENG"]

1. e4 {[%clk 01:30:14]} {[%emt 00:00:45]} e6 {[%clk 01:30:56]} {[%emt
00:00:05]} 2. d4 {[%clk 01:30:36]} {[%emt 00:00:07]} d5 {[%clk 01:31:22]}
{[%emt 00:00:04]} 3. Nc3 {[%clk 01:31:00]} {[%emt 00:00:06]} Bb4 {[%clk
01:31:38]} {[%emt 00:00:15]} 4. e5 {[%clk 01:31:01]} {[%emt 00:00:28]} c5
{[%clk 01:31:59]} {[%emt 00:00:09]} 5. a3 {[%clk 01:31:13]} {[%emt 00:00:19]}
Bxc3+ {[%clk 01:32:23]} {[%emt 00:00:06]} 6. bxc3 {[%clk 01:31:36]} {[%emt
00:00:07]} Ne7 {[%clk 01:32:35]} {[%emt 00:00:18]} 7. Qg4 {[%clk 01:31:47]}
{[%emt 00:00:18]} Qc7 {[%clk 01:32:58]} {[%emt 00:00:07]} 8. Qxg7 {[%clk
01:31:47]} {[%emt 00:00:31]} Rg8 {[%clk 01:33:07]} {[%emt 00:00:21]} 9. Qxh7
{[%clk 01:32:09]} {[%emt 00:00:08]} cxd4 {[%clk 01:33:30]} {[%emt 00:00:08]} 10.
Ne2 {[%clk 01:32:25]} {[%emt 00:00:14]} Nbc6 {[%clk 01:33:40]} {[%emt
00:00:20]} 11. f4 {[%clk 01:32:32]} {[%emt 00:00:23]} dxc3 {[%clk 01:34:02]}
{[%emt 00:00:08]} 12. Qd3 {[%clk 01:32:42]} {[%emt 00:00:20]} d4 {[%clk
01:33:43]} {[%emt 00:00:49]} 13. Rg1 {[%clk 01:32:14]} {[%emt 00:00:57]} Bd7
{[%clk 01:32:51]} {[%emt 00:01:22]} 14. Rb1 {[%clk 01:31:27]} {[%emt 00:01:17]}
O-O-O {[%clk 01:33:01]} {[%emt 00:00:21]} 15. g4 {[%clk 01:30:05]} {[%emt
00:01:50]} Be8 {[%clk 01:33:14]} {[%emt 00:00:17]} 16. Rg3 {[%clk 01:26:45]}
{[%emt 00:03:50]} Nd5 {[%clk 01:32:10]} {[%emt 00:01:34]} 17. Bg2 {[%clk
01:25:22]} {[%emt 00:01:52]} Qe7 {[%clk 00:59:47]} {[%emt 00:32:54]} 18. g5
{[%clk 01:06:38]} {[%emt 00:19:14]} a6 {[%clk 00:50:54]} {[%emt 00:09:24]} 19.
Qc4 {[%clk 01:03:17]} {[%emt 00:03:51]} Qc7 {[%clk 00:47:55]} {[%emt 00:03:30]}
20. Rd3 {[%clk 00:55:57]} {[%emt 00:07:49]} Rh8 {[%clk 00:31:01]} {[%emt
00:17:24]} 21. h3 {[%clk 00:47:04]} {[%emt 00:09:23]} f6 {[%clk 00:23:13]}
{[%emt 00:08:18]} 22. exf6 {[%clk 00:30:33]} {[%emt 00:17:02]} Bg6 {[%clk
00:22:34]} {[%emt 00:01:09]} 23. Rxd4 {[%clk 00:25:30]} {[%emt 00:05:33]} Bxc2
{[%clk 00:18:28]} {[%emt 00:04:36]} 24. Ra1 {[%clk 00:18:05]} {[%emt 00:07:55]}
Nxd4 {[%clk 00:18:03]} {[%emt 00:00:54]} 25. Qxd4 {[%clk 00:07:02]} {[%emt
00:11:34]} Bf5 {[%clk 00:15:54]} {[%emt 00:02:39]} 26. Be3 {[%clk 00:04:52]}
{[%emt 00:02:39]} Nxe3 {[%clk 00:11:33]} {[%emt 00:04:52]} 27. Qxe3 {[%clk
00:05:11]} {[%emt 00:00:11]} Rd3 {[%clk 00:11:46]} {[%emt 00:00:17]} 28. Qa7
{[%clk 00:03:54]} {[%emt 00:01:47]} c2 {[%clk 00:07:49]} {[%emt 00:04:27]} 29.
Rc1 {[%clk 00:02:32]} {[%emt 00:01:51]} Rd7 {[%clk 00:04:29]} {[%emt 00:03:50]}
30. Qa8+ {[%clk 00:01:10]} {[%emt 00:01:52]} Qb8 {[%clk 00:04:54]} {[%emt
00:00:05]} 31. Qxb8+ {[%clk 00:01:26]} {[%emt 00:00:14]} Kxb8 {[%clk 00:05:18]}
{[%emt 00:00:05]} 32. Ng3 {[%clk 00:01:20]} {[%emt 00:00:35]} Rhd8 {[%clk
00:04:40]} {[%emt 00:01:08]} 33. Bf3 {[%clk 00:01:32]} {[%emt 00:00:18]} Bg6
{[%clk 00:04:26]} {[%emt 00:00:44]} 34. f5 {[%clk 00:01:30]} {[%emt 00:00:33]}
exf5 {[%clk 00:04:42]} {[%emt 00:00:14]} 35. Rxc2 {[%clk 00:01:26]} {[%emt
00:00:33]} f4 {[%clk 00:04:40]} {[%emt 00:00:32]} 36. Ne4 {[%clk 00:01:41]}
{[%emt 00:00:16]} Re8 {[%clk 00:03:03]} {[%emt 00:02:06]} 37. Re2 {[%clk
00:01:56]} {[%emt 00:00:16]} Rd3 {[%clk 00:01:46]} {[%emt 00:01:47]} 38. Kf2
{[%clk 00:00:54]} {[%emt 00:01:32]} Rd5 {[%clk 00:01:19]} {[%emt 00:00:57]} 39.
h4 {[%clk 00:01:10]} {[%emt 00:00:13]} Rde5 {[%clk 00:01:07]} {[%emt 00:00:43]}
40. h5 {[%clk 00:01:13]} {[%emt 00:00:27]} Bxe4 {[%clk 00:00:40]} {[%emt
00:00:57]} 41. Rxe4 {[%clk 00:01:34]} {[%emt 00:00:08]} Rxe4 {[%clk 00:00:57]}
{[%emt 00:00:13]} 42. Bxe4 {[%clk 00:01:57]} {[%emt 00:00:08]}  1-0

[Event "1st 4NCL Easter Congress"]
[Site "Stevenage"]
[Date "2019.04.20"]
[Round "3"]
[Board "12"]
[White "Cherupalli, Ramprasad"]
[Black "Burgoyne, Peter A"]
[Result "1-0"]
[WhiteElo "1859"]
[BlackElo "1633"]
[PlyCount "79"]
[EventDate "2019.04.19"]
[EventRounds "7"]
[EventCountry "ENG"]

1. Nf3 c5 2. c4 Nc6 3. g3 g6 4. Bg2 Bg7 5. Nc3 Nf6 6. e3 e5 7. O-O d6 8. d4
cxd4 9. exd4 O-O 10. h3 h6 11. Re1 exd4 12. Nxd4 Ne5 13. b3 Rb8 14. Ndb5 Nc6
15. Bf4 Ne8 16. Rc1 g5 17. Bxd6 Nxd6 18. Nxd6 Qa5 19. Nd5 Be6 20. a4 Qd8 21.
Ne4 Bxd5 22. cxd5 Ne5 23. b4 Qb6 24. Qb3 Rbc8 25. a5 Qd8 26. g4 Rxc1 27. Rxc1
Re8 28. Ng3 Nd7 29. Nf5 Nf6 30. d6 Ne4 31. Qd5 Re5 32. Qd3 Nf6 33. Bxb7 Qd7 34.
Rc7 Qa4 35. Rc8+ Ne8 36. d7 Re1+ 37. Kg2 Qa1 38. Rxe8+ Bf8 39. Rxe1 Qxe1 40.
d8=Q  1-0

[Event "1st 4NCL Easter Congress"]
[Site "Stevenage"]
[Date "2019.04.20"]
[Round "3"]
[Board "13"]
[White "Kolani, Arjun"]
[Black "Cawston, M John"]
[Result "1-0"]
[WhiteElo "1598"]
[BlackElo "1837"]
[PlyCount "85"]
[EventDate "2019.04.19"]
[EventRounds "7"]
[EventCountry "ENG"]

1. e4 c5 2. Nf3 e6 3. d4 cxd4 4. Nxd4 a6 5. Bd3 Bc5 6. Nb3 Be7 7. O-O d6 8. c4
Nf6 9. Nc3 Qc7 10. f4 Nc6 11. Qe2 O-O 12. Bd2 Bd7 13. Rae1 Nb4 14. Bb1 b5 15.
cxb5 axb5 16. a3 Qc4 17. axb4 Qxb3 18. e5 Ne8 19. Qe4 g6 20. Qxa8 Qc4 21. Qe4
Qc7 22. Rc1 Bc6 23. Qe2 Qb7 24. Bd3 Nc7 25. Ne4 Ne8 26. exd6 Nxd6 27. Nc5 Qa8
28. Rfe1 Rd8 29. Bc3 Bd5 30. Ne4 Nc4 31. Nf6+ Kf8 32. Nxh7+ Ke8 33. Nf6+ Bxf6
34. Bxf6 Rd6 35. Be4 Kd7 36. Bxd5 Qxd5 37. Red1 Qf5 38. Rxd6+ Kxd6 39. Rd1+ Kc6
40. Qf3+ Kc7 41. Be5+ Nxe5 42. fxe5 Qxe5 43. Qc3+  1-0

[Event "1st 4NCL Easter Congress"]
[Site "Stevenage"]
[Date "2019.04.20"]
[Round "3"]
[Board "14"]
[White "Gogia, Armaan"]
[Black "Chiang, Richard"]
[Result "1-0"]
[WhiteElo "1816"]
[BlackElo "1569"]
[PlyCount "37"]
[EventDate "2019.04.19"]
[EventRounds "7"]
[EventCountry "ENG"]

1. Nc3 c5 2. e4 g6 3. Nge2 Bg7 4. d4 cxd4 5. Nxd4 Nc6 6. Be3 Nf6 7. Nxc6 bxc6
8. e5 Ng8 9. f4 d6 10. Qf3 Qc7 11. O-O-O Nh6 12. exd6 exd6 13. Nb5 cxb5 14.
Bxb5+ Kf8 15. Qxa8 Bf6 16. Qxa7 Qd8 17. Rxd6 Qe7 18. Rxf6 Qxe3+ 19. Qxe3  1-0

[Event "1st 4NCL Easter Congress"]
[Site "Stevenage"]
[Date "2019.04.20"]
[Round "3"]
[Board "15"]
[White "Valjee, Ashir V"]
[Black "Chin, Francis Cw"]
[Result "0-1"]
[WhiteElo "1462"]
[BlackElo "1944"]
[PlyCount "130"]
[EventDate "2019.04.19"]
[EventRounds "7"]
[EventCountry "ENG"]

1. e4 e6 2. d4 d5 3. Nc3 dxe4 4. Nxe4 Nf6 5. Nxf6+ Qxf6 6. Nf3 h6 7. Bd3 Bd6 8.
Qe2 Nc6 9. c3 O-O 10. Nd2 Qe7 11. Nc4 Bd7 12. g4 Qh4 13. Bd2 e5 14. Rg1 exd4
15. Nxd6 cxd6 16. O-O-O Rfe8 17. Qf1 Bxg4 18. Qg2 Ne5 19. Bb5 Rec8 20. f3 dxc3
21. bxc3 Nxf3 22. Qxg4 Qxg4 23. Rxg4 Nxd2 24. Kxd2 Rc5 25. Bd3 Rac8 26. Rdg1 g5
27. h4 f6 28. hxg5 fxg5 29. Rh1 Kg7 30. c4 Rf8 31. Rh2 d5 32. cxd5 Rxd5 33. Re4
Rf7 34. Re6 Rfd7 35. Rh3 R5d6 36. Re8 Rd5 37. Ke2 Rd4 38. Re6 R4d6 39. Re8 Rd5
40. Bc4 Rd2+ 41. Ke3 R2d4 42. Bb5 R7d6 43. Rf3 g4 44. Rf4 Rxf4 45. Kxf4 a6 46.
Be2 h5 47. Kg5 Rd5+ 48. Kh4 Ra5 49. Re7+ Kf6 50. Rxb7 Rxa2 51. Kxh5 g3 52. Rb6+
Kf5 53. Bxa6 g2 54. Bc8+ Kf4 55. Rf6+ Kg3 56. Rg6+ Kh2 57. Rxg2+ Kxg2 58. Kg5
Kg3 59. Kg6 Kf4 60. Kf6 Rc2 61. Bb7 Rb2 62. Bd5 Rb6+ 63. Ke7 Ke5 64. Bf7 Rb7+
65. Kf8 Kf6  0-1

[Event "1st 4NCL Easter Congress"]
[Site "Stevenage"]
[Date "2019.04.20"]
[Round "3"]
[Board "16"]
[White "Turner, Sam"]
[Black "Gibbs, Dominic V"]
[Result "0-1"]
[WhiteElo "1645"]
[BlackElo "1946"]
[PlyCount "42"]
[EventDate "2019.04.19"]
[EventRounds "7"]
[EventCountry "ENG"]

1. d4 e6 2. c4 Nf6 3. g3 d5 4. Bg2 Bb4+ 5. Bd2 Bd6 6. Nf3 c6 7. Qc2 Ne4 8. O-O
O-O 9. a3 a5 10. Nc3 f5 11. c5 Bc7 12. b4 Nxd2 13. Qxd2 Nd7 14. Ng5 Nf6 15. f4
h6 16. Nh3 Ne4 17. Bxe4 fxe4 18. b5 e5 19. fxe5 Bxh3 20. Rxf8+ Qxf8 21. b6 Bd8
 0-1